03862cam a22004575i 4500999001700000001000800017003000900025005001700034008004100051020001800092020002200110040003800132082002000170245015200190250002100342264008000363300004300443336002600486337002800512338002700540500026600567500004800833504005100881520167200932650002602604650003502630650002302665653002602688655001702714700003602731700003702767700003602804710008802840710004702928710003902975856007203014856008603086856007403172942001203246952014603258 c27787d277584276987EG-ScBUE20191121153940.0850221r19991985enka f b 001 0 eng d a9780521313131 a0521313139 (pbk.) aDLCbengerdacDLCdDLCdEG-ScBUE04a361.61bBRI22200aBringing the state back in /cedited by Peter B. Evans Brown University, Dietrich Rueschemeyer Brown University, Theda Skocpol, Harvard University. aReprint edition. 1aCambridge, United Kingdom ;aNew York :bCambridge University Press,c1999. ax, 390 pages :billustrations ;c25 cm atextbtxt2rdacontent aunmediatedbn2rdamedia avolumebnc2rdacarrier aPapers from a conference held at Mount Kisco, N.Y., Feb. 1982, sponsored by the Committee on States and Social Structures, the Joint Committee on Latin American Studies, and the Joint Committee on Western European Studies of the Social Science Research Council. aReprinted for First published 1985 edition. aIncludes bibliographical references and index. aUntil recently, dominant theoretical paradigms in the comparative social sciences did not highlight states as organizational structures or as potentially autonomous actors. Indeed, the term 'state' was rarely used. Current work, however, increasingly views the state as an agent which, although influenced by the society that surrounds it, also shapes social and political processes. The contributors to this volume, which includes some of the best recent interdisciplinary scholarship on states in relation to social structures, make use of theoretically engaged comparative and historical investigations to provide improved conceptualizations of states and how they operate. Each of the book's major parts presents a related set of analytical issues about modern states, which are explored in the context of a wide range of times and places, both contemporary and historical, and in developing and advanced-industrial nations. The first part examines state strategies in newly developing countries. The second part analyzes war making and state making in early modern Europe, and discusses states in relation to the post-World War II international economy. The third part pursues new insights into how states influence political cleavages and collective action. In the final chapter, the editors bring together the questions raised by the contributors and suggest tentative conclusions that emerge from an overview of all the articles. As a programmatic work that proposes new directions for the analysis of modern states, the volume will appeal to a wide range of teachers and students of political science, political economy, sociology, history, and anthropology. 7aSocial policy.2BUEsh 7aPolicy sciences.2BUEsh913225 7aState, The.2BUEsh bMASPPSScNovember2019 vReading book1 aEvans, Peter B,d1944-eeditor.1 aRueschemeyer, Dietrich,eeditor.1 aSkocpol, Theda,eeditor.9110212 aSocial Science Research Council (U.S.).bCommittee on States and Social Structures.2 aJoint Committee on Latin American Studies.2 aJoint Committee on Western Europe.413Sample textuhttp://www.loc.gov/catdir/samples/cam034/85004703.html423Publisher descriptionuhttp://www.loc.gov/catdir/description/cam023/85004703.html413Table of contentsuhttp://www.loc.gov/catdir/toc/cam028/85004703.html 2ddccBB 00102ddc40708BaccahaMAINbMAINc1STd2019-11-20ePurchaseg490.00l0o361.61 BRIp000048268r2025-07-15 00:00:00v612.50w2019-11-20yBB